Statistics for Walking across European borders: from Portugal to Vatican City

Click here to take the quiz!

General Stats

  • This quiz has been taken 6,194 times
    (6,185 since last reset)
  • The average score is 25 of 40

Answer Stats

Portugal% Correct
Spain
100%
France
96%
Andorra
95%
Put one foot in {Monaco} and get back in {France}
83%
Cross Øresund Bridge to reach {Sweden . N}
74%
Norway
74%
Belgium
73%
Denmark
73%
Finland
73%
Germany
73%
Russia
73%
Estonia
72%
Latvia . B
72%
Luxembourg
72%
Netherlands
72%
Belarus
71%
Lithuania
68%
Poland . C
68%
Czech Republic
67%
Slovakia . H
66%
Hungary
65%
Ukraine
58%
Moldova
57%
Romania . S
57%
Serbia . M
55%
Macedonia
52%
Bulgaria
48%
Italy
48%
Put one foot in {San Marino} and get back in {Italy}
48%
Greece
45%
Albania
44%
Austria
43%
Kosovo
43%
Turkey
43%
Bosnia and Herzegovina
42%
Croatia
42%
Montenegro
42%
Slovenia
42%
Switzerland
42%
Liechtenstein
39%

Score Distribution

Percentile by Number Answered

Percent of People with Each Score

Your Score History

You have not taken this quiz since the last reset